| 000 | 00580nam a2200205 a 4500 | ||
|---|---|---|---|
| 005 | 20210219152919.0 | ||
| 008 | 991125n 000 0 eng u | ||
| 035 | _aUPN01000066963 | ||
| 100 | 1 | _aFoster, Peter | |
| 222 | 0 | _aBRITISH EDUCATIONAL RESEARCH JOURNAL | |
| 245 | 0 | 0 | _aCases not proven : an evaluation of two studies of teacher racism |
| 260 | _aInglaterra | ||
| 300 | _a335-350 | ||
| 362 | 0 | _a1990 Vol. 16, no. 4 | |
| 653 | 0 | _aACTITUD DOCENTE | |
| 653 | 0 | _aDISCRIMINACION RACIAL | |
| 653 | 0 | _aEXPECTATIVAS DOCENTES | |
| 904 |
_aAC _b004774 |
||
| 905 | _aArticulo | ||
| 999 |
_c63750 _d63750 |
||